Sports Quiz

Random Sports or Basketball Quiz
Score 0/15 Timer 08:00
0 Plays Today
Number Player % Correct
1.LeBron James
99.4%
2.Kobe Bryant
97.2%
6.Dwayne Wade
96.4%
8.Carmelo Anthony
88.7%
15.Kevin Garnett
84.6%
7.Kevin Durant
84.5%
5.Derrick Rose
84.3%
14.Paul Pierce
84.2%
Number Player % Correct
9.Dwight Howard
79.9%
4.Amar'e Stoudemire
78.6%
13.Ray Allen
78.6%
11.Blake Griffin
76.8%
3.Rajon Rondo
75.5%
10.John Wall
53.9%
12.Shaquille O'Neal
46%

You're not logged in!

Compare scores with friends on all Sporcle quizzes.
OR
Log In

Sporcle TV

Today on Sporcle TV


Watch our educational content, quiz creation guides, and fun videos on Sporcle TV.

Show Comments

Extras

Top Quizzes Today


Score Distribution

Paid Content

Your Account Isn't Verified!

In order to create a playlist on Sporcle, you need to verify the email address you used during registration. Go to your Sporcle Settings to finish the process.

Report this User

Report this user for behavior that violates our Community Guidelines.

Details: